(جسم و جان)Jism-o-jaan (Urdu) (Record no. 56713)
[ view plain ]
| 000 -LEADER | |
|---|---|
| fixed length control field | 00518nam a2200193Ia 4500 |
| 001 - CONTROL NUMBER | |
| control field | 59385 |
| 003 - CONTROL NUMBER IDENTIFIER | |
| control field | OSt |
| 005 - DATE AND TIME OF LATEST TRANSACTION | |
| control field | 20160315115209.0 |
| 008 - FIXED-LENGTH DATA ELEMENTS--GENERAL INFORMATION | |
| fixed length control field | 140520s9999 xx 000 0 und d |
| 020 ## - INTERNATIONAL STANDARD BOOK NUMBER | |
| International Standard Book Number | NA |
| 040 ## - CATALOGING SOURCE | |
| Transcribing agency | PK-LaUMT |
| 082 ## - DEWEY DECIMAL CLASSIFICATION NUMBER | |
| Classification number | 613 |
| Item number | ASL-J |
| 100 ## - MAIN ENTRY--PERSONAL NAME | |
| Personal name | Aslam, Syed |
| 245 ## - TITLE STATEMENT | |
| Title | (جسم و جان)Jism-o-jaan (Urdu) |
| Statement of responsibility, etc | (اسلم ، سید)Aslam, Syed |
| 260 ## - PUBLICATION, DISTRIBUTION, ETC. (IMPRINT) | |
| Place of publication, distribution, etc | (لاہور، پاکستان)Lahore,Pakistan: |
| Name of publisher, distributor, etc | (منشورات)Manshoorat, |
| Date of publication, distribution, etc | NA |
| 300 ## - PHYSICAL DESCRIPTION | |
| Extent | 400 p. |
| 546 ## - LANGUAGE NOTE | |
| Language note | UR |
| 942 ## - ADDED ENTRY ELEMENTS (KOHA) | |
| Koha item type | Books |
| Source of classification or shelving scheme | Dewey Decimal Classification |
| Withdrawn status | Lost status | Source of classification or shelving scheme | Damaged status | Not for loan | Home library | Current library | Date acquired | Total Checkouts | Full call number | Barcode | Date last seen | Price effective from | Koha item type | Date checked out |
|---|---|---|---|---|---|---|---|---|---|---|---|---|---|---|
| Dewey Decimal Classification | UMT Main Campus | UMT Main Campus | 2014-05-20 | 613 ASL-J | 78563 | 2014-05-21 | 2014-05-21 | Books | ||||||
| Dewey Decimal Classification | UMT Main Campus | UMT Main Campus | 2014-06-28 | 613 ASL-J | 78732 | 2014-06-28 | 2014-06-28 | Books | ||||||
| Dewey Decimal Classification | UMT Main Campus | UMT Main Campus | 2014-06-28 | 1 | 613 ASL-J | 78733 | 2019-03-27 | 2014-06-28 | Books | 2019-03-07 |
